Estadísticas para Países y capitales de Europa Examen

Haz click aquí para intentar la prueba.

Estadísticas generales

  • Esta prueba ha sido intentada 257 veces
  • La puntuación promedio es 38 de 54

Estadísticas de respuestas

HintRespuesta% Correcto
AlemaniaBerlín
91%
EspañaMadrid
89%
San MarinoSan Marino
89%
UcraniaKiev
88%
RusiaMoscú
88%
FranciaParís
87%
ItaliaRoma
87%
AndorraAndorra La Vieja
86%
InglateraLondres
86%
GreciaAtenas
85%
El VaticanoEl Vaticano
85%
AustriaViena
85%
PortugalLisboa
84%
MónacoMónaco
84%
Países BajosÁmsterdam
81%
NoruegaOslo
80%
SuizaBerna
79%
BélgicaBruselas
79%
LuxemburgoLuxemburgo
79%
IrlandaDublín
75%
AlbaniaTirana
75%
CroaciaZagreb
75%
BielorrusiaMinsk
74%
SueciaEstocolmo
73%
BulgariaSofía
73%
DinamarcaCopenhague
72%
TurquíaAnkara
71%
FinlandiaHelsinki
71%
HungríaBudapest
70%
Bosnia y HerzegovinaSarajevo
70%
PoloniaVarsovia
70%
MaltaLa Valeta
69%
República ChechaPraga
69%
SerbiaBelgrado
68%
IslandiaReikiavik
68%
LiechtensteinVaduz
68%
RumaniaBucarest
66%
EstoniaTallin
66%
MoldaviaChisináu
63%
EslovaquiaBratislava
62%
EsloveniaLiubliana
62%
MontenegroPodgorica
62%
Macedonia del NorteSkopie
62%
LituaniaVilna
60%
ChipreNicosia
59%
LetoniaRiga
58%
KosovoPristina
56%
AzerbaiyanBakú
48%
EscociaEdimburgo
46%
Irlanda del NorteBelfast
43%
GálesCardiff
43%
ArmeniaErevan
42%
Islas FaroeTórshavn
30%
GeorgiaTifilis
27%

Distribución de puntuación

Porcentaje por número respondido

Porcentaje de gente con cada puntuación

Historial de tus puntuaciones

No has intentado esta prueba.